Artículos escogidos de Blanco Cuartín.
Gorde:
| Beste egile batzuk: | |
|---|---|
| Formatua: | Liburua |
| Hizkuntza: | gaztelania |
| Argitaratua: |
Santiago, Chile:
Imprenta Barcelona,
1913.
|
| Saila: | Biblioteca de Escritores de Chile.
11. |
| Gaiak: | |
| Etiketak: |
Etiketa erantsi
Etiketarik gabe, Izan zaitez lehena erregistro honi etiketa jartzen!
|
MARC
| LEADER | 00000cam a2200000 a 4500 | ||
|---|---|---|---|
| 001 | UCJ4638 | ||
| 003 | CL-VaPUC | ||
| 005 | 20220822114356.0 | ||
| 008 | 070124e19131200CL |||||||||||||||||spa|d | ||
| 999 | |c 320754 |d 320752 | ||
| 040 | |c Pontificia Universidad Católica de Valparaíso | ||
| 082 | 0 | 4 | |a Ch860 ART 1913 |2 21 |
| 245 | 1 | 0 | |a Artículos escogidos de Blanco Cuartín. |
| 260 | 0 | 3 | |a Santiago, Chile: |b Imprenta Barcelona, |c 1913. |
| 300 | |a XXIX, 794 páginas. | ||
| 490 | 0 | |a Biblioteca de Escritores de Chile. |v 11. | |
| 500 | |a c.5 Donación Familia Prof. Alejandro Guzmán Brito. | ||
| 583 | |a last modification |c 20130110 03:30:20 |k Rodrigo Vera | ||
| 650 | 0 | |a Prensa y periodismo |z Chile |9 504409 | |
| 650 | 0 | |a Partidos políticos |9 254999 |z Chile |x Partido conservador |x Biografías | |
| 650 | 0 | |a Historiografía |9 257871 |z Chile | |
| 700 | |a Larraín, Juan |e introducción |9 508717 | ||
| 942 | |c BK |2 ddc |n 0 | ||
| 945 | |d 20070124 00:00:00 |a rinostro | ||
| 952 | |0 0 |1 0 |2 ddc |4 0 |6 CH_860_000000000000000_ART_1913 |7 0 |8 X |9 399347 |a FDOBUD |b FDOBUD |d 2019-11-22 |i 1022709 |o Ch860 ART 1913 |p 1022709 |r 2019-11-22 |t 1 |w 2019-11-22 |y BK_X |k BUD | ||
| 952 | |0 0 |1 0 |2 ddc |4 0 |6 CH_860_000000000000000_ART_1913 |7 0 |8 X |9 399348 |a FDOBUD |b FDOBUD |d 2019-11-22 |i 1022717 |o Ch860 ART 1913 |p 1022717 |r 2019-11-22 |t 2 |w 2019-11-22 |y BK_X |k BUD | ||
| 952 | |0 0 |1 0 |2 ddc |4 0 |6 CH_860_000000000000000_ART_1913 |7 0 |8 X |9 399349 |a FDOBUD |b FDOBUD |d 2019-11-22 |i 443384K |o Ch860 ART 1913 |p 443384K |r 2019-11-22 |t 3 |w 2019-11-22 |y BK_X |k BUD | ||
| 952 | |0 0 |1 0 |2 ddc |4 0 |6 CH_860_000000000000000_ART_1913 |7 0 |8 X |9 399350 |a FDOBUD |b FDOBUD |d 2019-11-22 |i 492066K |o Ch860 ART 1913 |p 492066K |r 2019-11-22 |t 4 |w 2019-11-22 |y BK_X |k BUD | ||
| 952 | |0 0 |1 0 |2 ddc |4 0 |6 CH_860_000000000000000_ART_1913 |7 1 |8 C_AGB |9 580941 |a BIBDER |b BIBDER |d 2022-01-28 |e Donación |i 564285K |o Ch860 ART 1913 |p 564285K |r 2023-01-25 |t 5 |w 2022-01-28 |y BK_US |k AGB | ||